Lịch sử Cách mạng Nga

Spremljeno u:
Bibliografski detalji
Format: Knjiga
Jezik:Undetermined
Izdano: Hà Nội KH 1965
Teme:
Oznake: Dodaj oznaku
Bez oznaka, Budi prvi tko označuje ovaj zapis!
Thư viện lưu trữ: Trung tâm Học liệu Trường Đại học Cần Thơ
LEADER 00407nam a2200145Ia 4500
001 CTU_10834
008 210402s9999 xx 000 0 und d
082 |a 947.0841 
082 |b L302/T3 
245 0 |a Lịch sử Cách mạng Nga 
260 |a Hà Nội 
260 |b KH 
260 |c 1965 
650 |a russia - history - revolution, 1917-1921 
980 |a Trung tâm Học liệu Trường Đại học Cần Thơ